Landmarks A-Z by Images - Statistics

General Stats
  • This quiz has been taken 29 times
  • The average score is 14 of 26
Answer Stats
Picture Answer % Correct
Colosseum
100%
Eiffel Tower
100%
Niagara Falls
100%
Kremlin
93%
Petra
93%
Machu Picchu
89%
Tower Bridge
89%
Uluru
89%
Brandenburg Gate
85%
Forbidden City
81%
Angkor Wat
78%
Victoria Falls
78%
Great Pyramid of Giza
74%
Dubrovnik Old Town
63%
Santorini
59%
Iguazu Falls
56%
Yellowstone National Park
52%
Zermatt
33%
Old Havana
11%
Xochimilco
11%
Lalibela Churches
4%
Wat Arun
4%
Hampi
0%
Jumeirah Beach
0%
Quan Cong Temple
0%
Registan Square
0%
No matching quizzes found
Score Distribution
Percent of People with Each Score
Percentile by Number Answered
Your Score History
You have not taken this quiz